[Event "CHI-ch sf"]
[Site "Vina del Mar"]
[Date "2022.02.11"]
[Round "4"]
[White "Ojeda Meneses, Pablo"]
[Black "Meyer Monsalve, Ewald"]
[Result "0-1"]
[WhiteElo "1940"]
[BlackElo "1928"]
[PlyCount "92"]
[EventDate "2022.02.08"]
[EventType "swiss"]
[EventRounds "8"]
[EventCountry "CHI"]
[SourceTitle "CBM 207 Extra"]
[Source "ChessBase"]
[SourceDate "2022.05.31"]
[SourceVersion "1"]
[SourceVersionDate "2022.05.31"]
[SourceQuality "1"]

1. e4 e6 2. b3 b6 3. d4 Bb7 4. Bd3 Nf6 5. Qe2 d5 6. e5 Nfd7 7. f4 c5 8. Nf3 cxd4 9. Nxd4 Nc6 10. Nxc6 Bxc6 11. 0-0 Bc5+ 12. Kh1 Qc7 13. Bb2 g6 14. Nd2 h5 15. Nf3 Be7 16. Nd4 Bb7 17. c4 Nc5 18. Nb5 Qd7 19. cxd5 Bxd5 20. Nd6+ Kf8 21. Bb5 Qd8 22. b4 Nd7 23. Rac1 h4 24. h3 Rh5 25. Rc2 Nf6 26. Rfc1 Bxd6 27. Ba6 Ne4 28. Kh2 Bc5 29. bxc5 bxc5 30. Bd4 Kg7 31. Bxc5 Ng3 32. Qe3 Qd7 33. Qa3 Be4 34. Rb2 Rf5 35. Bb5 Qc8 36. Be3 Qh8 37. Bd7 Nh5 38. Rc7 Bd5 39. Qe7 Nxf4 40. Bxf4 Rxf4 41. Bxe6 Bxe6 42. Qxe6 Qh5 43. Rbb7 Rf8 44. Qd6 Qg5 45. Rc3 Rf2 46. Qd5 Qf4+ 0-1

[Event "Villa Tehuelches op 5th"]
[Site "Villa Tehuelches"]
[Date "2019.07.13"]
[Round "6"]
[White "Acosta, Pablo Ismael"]
[Black "Meyer Monsalve, Ewald"]
[Result "1-0"]
[WhiteElo "2430"]
[BlackElo "1986"]
[PlyCount "63"]
[EventDate "2019.07.11"]
[EventType "swiss"]
[EventRounds "7"]
[EventCountry "CHI"]
[SourceTitle "CBM 191 Extra"]
[Source "ChessBase"]
[SourceDate "2019.09.30"]
[SourceVersion "1"]
[SourceVersionDate "2019.09.30"]
[SourceQuality "1"]

1. c4 e6 2. Nf3 f5 3. g3 Nf6 4. Bg2 c6 5. 0-0 d5 6. d3 Be7 7. b3 0-0 8. Bb2 Qe8 9. Nc3 Qh5 10. e4 Na6 11. cxd5 exd5 12. exd5 Nxd5 13. Nxd5 cxd5 14. Ne5 Qxd1 15. Bxd5+ Kh8 16. Rfxd1 Nc7 17. Bg2 f4 18. Rac1 Ne6 19. Bd5 fxg3 20. hxg3 Bc5 21. d4 Bb6 22. Kg2 g6 23. f4 Nc7 24. Bc4 Ne8 25. d5 Nf6 26. d6 Bf5 27. g4 Be4+ 28. Kg3 h6 29. Nxg6+ Kg7 30. Nxf8 Rxf8 31. Re1 Bc6 32. Re7+ 1-0

[Event "San Fernando U2300"]
[Site "San Fernando"]
[Date "2017.01.27"]
[Round "1.7"]
[White "Sepulveda Rojas, Jorge Moises"]
[Black "Meyer Monsalve, Ewald"]
[Result "1-0"]
[WhiteElo "2210"]
[BlackElo "2054"]
[PlyCount "106"]
[EventDate "2017.01.27"]
[EventType "swiss"]
[EventRounds "6"]
[EventCountry "CHI"]
[SourceTitle "EXT 2024"]
[Source "ChessBase"]
[SourceDate "2023.10.10"]
[SourceVersion "1"]
[SourceVersionDate "2023.10.10"]
[SourceQuality "1"]

1. e4 e6 2. d4 d5 3. Nc3 Bb4 4. e5 c5 5. a3 Bxc3+ 6. bxc3 Qa5 7. Bd2 Qa4 8. Qg4 g6 9. Ra2 Nc6 10. Nf3 Nge7 11. Bd3 b6 12. Qf4 h6 13. h4 Ba6 14. dxc5 Qxf4 15. Bxf4 Bxd3 16. cxd3 bxc5 17. Rb2 Rb8 18. Rxb8+ Nxb8 19. Ke2 Kd7 20. h5 g5 21. Be3 Kc6 22. Nh2 Nf5 23. Ng4 Nd7 24. Rb1 Nb6 25. Bd2 c4 26. d4 Nd7 27. g3 Ne7 28. Kf3 Nf5 29. Kg2 Rg8 30. a4 Rh8 31. f4 gxf4 32. Bxf4 Nb6 33. a5 Na8 34. Nf6 Nc7 35. g4 Ne7 36. Bxh6 Nb5 37. Bd2 Na3 38. Ra1 Nb5 39. Kf3 Rb8 40. Ke2 Nc7 41. Kd1 Rb3 42. Kc2 Nb5 43. Rg1 Na3+ 44. Kd1 Rb1+ 45. Bc1 Nb5 46. Kc2 Rb3 47. Bb2 Na3+ 48. Bxa3 Rxa3 49. Rb1 Ra2+ 50. Rb2 Rxb2+ 51. Kxb2 Kb5 52. Nh7 Ng8 53. g5 Ne7 1-0